Possessio, possessor, possidere nelle fonti giuridiche del basso imppero romano. Contributo allo studio del sistema dei rapporti reali nell'epoca postclassica

Αποθηκεύτηκε σε:
Λεπτομέρειες βιβλιογραφικής εγγραφής
Κύριος συγγραφέας: Cannata, Carlo Augusto (Συγγραφέας)
Μορφή: Βιβλίο
Γλώσσα:Ιταλικά
Έκδοση: Milán Dott. A. Giuffrè 1962
Σειρά:Fondazione Guglielmo Castelli, 31
Θέματα:
Ετικέτες: Προσθήκη ετικέτας
Δεν υπάρχουν, Καταχωρήστε ετικέτα πρώτοι!

MARC

LEADER 00000nam a2200000 a 4500
001 UCR1005
003 CL-VaPUC
008 971205e19620000IT |||||||||||||||||ita|d
082 0 4 |a 340.54  |b CAN  |2 21 
100 0 |a Cannata, Carlo Augusto  |e author  |9 397727 
245 1 0 |a Possessio, possessor, possidere nelle fonti giuridiche del basso imppero romano. Contributo allo studio del sistema dei rapporti reali nell'epoca postclassica 
300 |a 197 p 
942 |c BK 
945 |d 19971205 00:00:00  |a aolguin 
260 |a Milán  |b Dott. A. Giuffrè  |c 1962 
650 0 |a Derecho romano  |9 255930 
650 0 |a Derecho de propiedad  |9 256450 
650 0 |a Posesión   |9 258681 
650 0 |a Teoría del derecho  |9 255982 
650 0 |a Historia  |9 255047 
651 7 |a IMPERIO ROMANO  |2 CL-VaPUC  |9 397728 
583 |a last modification  |c 19971205 00:00:00  |k Rodrigo Vera 
490 0 |a Fondazione Guglielmo Castelli, 31 
999 |c 264500  |d 264498 
952 |0 0  |1 0  |4 0  |6 340_540000000000000_CAN_1962  |7 0  |8 DER_ROM  |9 294783  |a BIBDER  |b BIBDER  |d 2019-11-19  |i 1909738  |l 8  |o 340.54 CAN 1962  |p 1909738  |r 2023-01-25  |s 2021-08-30  |w 2019-11-19  |x Ubicación 4to piso  |y BK  |z Este recurso debe solicitarse con anticipación  |k DER